Who Wants to be a Millionaire - $1,000,000 Questions - Statistics

General Stats
  • This quiz has been taken 580 times
  • The average score is 4 of 21
Answer Stats
Question Answer % Correct
What letter must appear at the beginning of the registration number of all non-military aircraft in the U.S.? N
82%
In the children's book series, where is Paddington Bear originally from? Peru
65%
Which landlocked country (besides San Marino and Vatican City) is entirely contained within another country? Lesotho
59%
Which U.S. president appeared on the television series "Laugh-In"? Richard Nixon
41%
How many cubes does the cube designed by Ernö Rubik consist of? 26
22%
What insect shorted out an early supercomputer and inspired the term "computer bug"? Moth
22%
Professor Maathal Wangari won the Nobel Prize for which category? Peace
22%
Which English King was married to Eleanor of Aquitaine? Henry II
21%
Which scientific unit is named after an Italian nobleman? Volt
18%
Copra can be obtained from which fruit? Coconut
12%
Who did artist Grant Wood use as the model for the farmer in his classic painting "American Gothic"? His dentist
12%
Which colonial power ended its involvement in India by selling the rights of the Nicobar Islands to the British on October 18, 1868? Denmark
11%
If you planted the seeds of 'Quercus robur', what would grow? Oak tree
11%
Now used to refer to a cat, the word "tabby" is derived from the name of a district of what world capital? Baghdad
9%
For ordering his favorite beverages on demand, LBJ had four buttons installed in the Oval Office labeled "coffee", "tea", "Coke", and what? Fresca
9%
"Nephelococcygia" is the practice of doing what? Finding shapes in clouds
6%
Khrushchev's famous 1960 "shoe-banging" outburst at the U.N. was in response to a delegate from what nation? The Philippines
6%
Who delivered the less famous two-hour speech that preceded Abraham Lincoln's two-minute Gettysburg Address? Edward Everett
5%
The most-watched TV episode of all time, the final episode of "M*A*S*H" aired at 8:30 p.m. on February 28, 1983, following what sitcom? Alice
4%
Which First Lady was a ninth-generation descendant of Pocahontas? Edith Wilson
4%
Which boxer was famous for striking the gong in the introduction to J. Arthur Rank films? Bombardier Billy Wells
3%
No matching quizzes found
Score Distribution
Percent of People with Each Score
Percentile by Number Answered
Your Score History
You have not taken this quiz